000
00318nam a2200109Ia 4500
008
200302s9999 xx 000 0 und d
100
_a
Krishnamurthy and Others
245
_a
Reinforced Concrete Handbook for Building design
260
_b
C BC Publishers and Distributors Pvt., Ltd.,
260
_c
2012
300
_a
658 P.,
999
_c
3855
_d
3855